000 00211 a2200109 4500
020 _a0-8136-6725-9
041 _aspa
100 _aWalker Colin
245 _aLas Plantas So Valiosas
942 _cBK
952 _74
999 _c23377
_d23377